Представление документа в формате MARC21

Поле Инд. ПП Название Значение
Тип записи a
Библиографический уровень m
001 Контрольный номер df3adbd8-6634-4ce5-a63e-b1b92474387d
005 Дата корректировки 20140703150529.5
008 Кодируемые данные 061018
020 c Цена, тираж б/ц
040 a Служба первич. каталог. НБ ТвГУ
041 a Код языка текста rus
080 a Индекс УДК 1(470)(091)"19"(043.3)
a Индекс УДК 930.85"19"(043.3)
084 a Индекс другой классификации/Индекс ББК Ю3(2)6я031
090 a Полочн. индекс Ю3(2)6
x Авторский знак Я47
100 1_ a Автор Яковлева Зухра Джуракуловна
245 10 a Заглавие Проблема взаимосвязи культуры и цивилизации в философии русского зарубежья 1920-1940-х годов
b Продолж. заглавия дис. ... канд. филос. наук : 09.00.03
c Ответственность Твер. гос. ун-т
260 1_ a Место издания Тверь
c Дата издания 2006
300 a Объем 202 с.
500 a Примечание На правах рукоп.
502 a Примечание о диссертации Дис. (канд.) - Твер. гос. ун-т, 2006
504 a Библиография Библиогр.: с. 191-202.
583 a Действие Получение впервые 388 18.10.2006
650 a Основная рубрика Русская философия
650 a Основная рубрика Русская культура
x Основная подрубрика История
y Хронологическая подрубрика 20 в.
653 a Ключевые слова Бердяев, Николай Александрович, о нем
a Ключевые слова Диссертации
a Ключевые слова Евразийство
a Ключевые слова Карсавин
a Ключевые слова Русская культура
a Ключевые слова Русская философия
a Ключевые слова Русское зарубежье
a Ключевые слова Трубецкой
a Ключевые слова Труды Тверского государственного университета
a Ключевые слова Федотов
710 a Организация/ юрисдикция Тверской государственный университет
852 t Порядковый номер экземпляра 1
p Инвентарный номер б/н
888 a Бесплатные
930 a Новая/Ретро диссертации
952 p 388.2006 б/ц 1 б/н
c Вид литературы Дис н
954 a Дата поступления на обработку 20061030
999 a Подразделение 2 ч.з.